| 000 | 00836cam a22002291i 4500 | ||
|---|---|---|---|
| 003 | SA-RiAUC | ||
| 005 | 20241128144357.0 | ||
| 008 | 241124s1980 ua g 000r0 ara c | ||
| 040 |
_aSA-JeALM _bara _cSA-RiAUC _erda |
||
| 082 | 0 | 4 |
_a255 _qSA-RiAUC |
| 090 |
_a255 _b ا ب و ز |
||
| 100 | 1 |
_aأبو زهرة، محمد، _d1898-1974 _eمؤلف. |
|
| 245 | 1 | 2 |
_aالجريمة والعقوبة في الفقه الإسلامي : _bالجريمة / _cمحمد أبو زهرة. |
| 264 | 1 |
_aالقاهرة : _bدار الفكر العربي، _c1976 |
|
| 300 |
_a478 صفحة ؛ _c24 سم |
||
| 336 |
_aنص _btxt _2rdacontent _3كتاب |
||
| 337 |
_aبدون وسيط _bn _2rdamedia |
||
| 338 |
_aمجلد _bnc _2rdacarrier |
||
| 650 | 1 | 7 |
_aالعقوبات _2aucsh |
| 942 |
_2ddc _cBOOK _n0 |
||
| 949 |
_aSA-JeALM _d241124 _umohamedma123 _n1 |
||
| 999 |
_c2853 _d2853 |
||